000 00566nam a2200181Ia 4500
003 GCL
008 140319s9999 xx 000 0 ara d
040 _aGCL /
_cGCL
082 0 4 _a956.04
_bم خ
100 1 _aالمعهد العربى للتدريب
245 1 0 _aالخصائص الديمقرافية للشعب العربى الفلسطينى /
_cالمعهد العربى للتدريب
300 _a692 ص
490 _a
650 0 4 _aسوريا
650 0 4 _aاسرائيل
650 0 4 _aفلسطين - الاحوال السياسية
942 _2ddc
_cBK
999 _c44518
_d44518